| 000 | 00596nam a22002057a 4500 | ||
|---|---|---|---|
| 005 | 20251108174720.0 | ||
| 008 | 250721s2003 xx 000 0 ara d | ||
| 082 | 1 | 4 | _aط/372.21/قنب |
| 100 | 1 |
_aقنبر، مصباح عبدالله _eمؤلف |
|
| 245 | 1 | 0 | _aرياضيات الأطفال / |
| 264 | 1 |
_aعمان : _bالمؤلف، _c2003. |
|
| 300 | _a48ص | ||
| 490 | 0 | _aأبجد هوز | |
| 650 | 1 | 7 | _aالتعليم |
| 650 | 1 | 7 | _aالاطفال |
| 650 | 1 | 7 | _aالحساب |
| 653 | _aاطفال ما قبل المدرسه (0-5) سنوات | ||
| 942 |
_2ddc _cBK |
||
| 999 |
_c116196 _d116196 |
||